| 000 | 00623cab a2200205 4500 | ||
|---|---|---|---|
| 001 | WB2718-12 | ||
| 008 | 090401t1991 xxu||||| |||| 00| 0 eng d | ||
| 035 | _a(Sirsi) u69776 | ||
| 041 | _aeng | ||
| 245 | _aCity conservation areas | ||
| 260 | _c1991 | ||
| 350 | _a0 | ||
| 490 |
_aPlanning (for the Natural and Built Environment) _v(916) 3 May 1991, 4(1) |
||
| 520 | _aA planning decision to establish or extend conservation areas along the Thames bank has been reversed by the City of London Corporation . | ||
| 650 | _aLONDON | ||
| 650 | _aPLANNING POLICY | ||
| 690 | _aCON | ||
| 942 | _n0 | ||
| 948 | _c04/03/1997 | ||
| 999 |
_c43863 _d43863 |
||